000 00670nam a22001937a 4500
003 BUBTL
008 190406b xxu||||| |||| 00| 0 eng d
020 _a984-18-0274-X
082 _a891.444 / TAJ
100 _92151
_aঠাকুর, রবীনদ্রনাথ
245 _aজীবন স্মৃতি /
_cরবীনদ্রনাথ ঠাকুর
250 _a2nd ed.
260 _aঢাকা :
_bবিশ্ব সাহিত্য কেন্দ্র,
_cc2011
300 _a136 p. :
_c22 cm.
650 0 _91687
_aবাংলা সাহিত্য
856 _k0
_l0
_yDownload
942 _2ddc
_cBK
999 _c5960
_d5960